[Event "Czech Open GM 2019"]
[Site "Pardubice"]
[Date "2019.07.20"]
[Round "2.27"]
[White "Shpanko, Nadiia"]
[Black "Rubes, Jan"]
[Result "1/2-1/2"]
[WhiteElo "2132"]
[BlackElo "2369"]
[Annotator "NA"]
[PlyCount "51"]
[EventDate "2019.07.19"]
[EventType "swiss"]
[EventCountry "CZE"]
[SourceTitle "playchess.com"]
[Source "ChessBase"]
[SourceQuality "1"]

1. d4 Nf6 2. c4 e6 3. Nc3 Bb4 4. Qc2 O-O 5. Nf3 d5 6. a3 Bxc3+ 7. Qxc3 dxc4 8. Qxc4 b6 9. Bg5 Ba6 10. Qa4 Qd7 11. Qc2 Rc8 12. Bxf6 gxf6 13. h4 Qe7 14. e3 Bxf1 15. Kxf1 c5 16. Rh3 Nd7 17. Qe4 cxd4 18. Nxd4 Kh8 19. Rg3 Ne5 20. Rd1 Rg8 21. Rxg8+ Rxg8 22. Nc6 Qb7 23. Qf4 Nxc6 24. Qxf6+ Rg7 25. Rd8+ Nxd8 26. Qxd8+ 1/2-1/2

[Event "Czech Open GM 2019"]
[Site "Pardubice"]
[Date "2019.07.20"]
[Round "2.28"]
[White "Cholleti, Sahajasri"]
[Black "Pulpan, Jakub"]
[Result "1/2-1/2"]
[WhiteElo "2223"]
[BlackElo "2414"]
[Annotator "NA"]
[PlyCount "37"]
[EventDate "2019.07.19"]
[EventType "swiss"]
[EventCountry "CZE"]
[SourceTitle "playchess.com"]
[Source "ChessBase"]
[SourceQuality "1"]

1. Nf3 Nf6 2. c4 e6 3. g3 d5 4. d4 Be7 5. Bg2 O-O 6. O-O dxc4 7. Qc2 b6 8. Qxc4 Bb7 9. Nc3 Nbd7 10. Rd1 c5 11. dxc5 Bxc5 12. Bg5 Qe7 13. b4 Bd6 14. a3 Rfd8 15. Rac1 h6 16. Bf4 e5 17. Be3 Rac8 18. Qb3 Ng4 19. Nh4 1/2-1/2

[Event "Czech Open GM 2019"]
[Site "Pardubice"]
[Date "2019.07.20"]
[Round "2.28"]
[White "Bartos, Jan"]
[Black "Colpe, Malte"]
[Result "0-1"]
[WhiteElo "2134"]
[BlackElo "2367"]
[Annotator "NA"]
[PlyCount "120"]
[EventDate "2019.07.19"]
[EventType "swiss"]
[EventCountry "CZE"]
[SourceTitle "playchess.com"]
[Source "ChessBase"]
[SourceQuality "1"]

1. d4 d5 2. Nf3 Nf6 3. e3 e6 4. Bd3 c5 5. O-O c4 6. Be2 b5 7. b3 Bb7 8. a4 a6 9. bxc4 bxc4 10. Ba3 Bxa3 11. Rxa3 Nbd7 12. Nc3 O-O 13. Qa1 Qc7 14. a5 Rab8 15. Na2 Qd6 16. Nc3 Bc6 17. Ra2 Qc7 18. Rb1 Rxb1+ 19. Qxb1 Rb8 20. Qc1 Rb4 21. Qa3 Qb8 22. Nd2 h6 23. Ra1 Rb2 24. Rb1 Rxb1+ 25. Ndxb1 Ne4 26. Bf3 Nd6 27. Nd2 f5 28. g3 Kf7 29. h4 Qc7 30. Na2 Bb5 31. Nc3 Bc6 32. Na2 Nb7 33. Nb4 Nb8 34. g4 fxg4 35. Bxg4 Qxa5 36. Qxa5 Nxa5 37. Nf3 Ke7 38. Ne5 Be8 39. f4 Nac6 40. Nexc6+ Bxc6 41. Na2 a5 42. Kf2 Na6 43. Nc3 Nb4 44. Bd1 a4 45. Nb1 c3 46. Na3 Be8 47. Kg3 Kf6 48. Kf2 Bg6 49. Kg3 Bf5 50. Kf3 h5 51. Kg3 Kg6 52. Kf2 Bg4 53. Be2 Bf5 54. Bd1 Be4 55. Kg3 Nc6 56. Nb5 Ne7 57. f5+ Nxf5+ 58. Kf4 Nxh4 59. Nxc3 Ng2+ 60. Ke5 Nxe3 0-1

[Event "Czech Open GM 2019"]
[Site "Pardubice"]
[Date "2019.07.20"]
[Round "2.29"]
[White "Menezes, Christoph"]
[Black "Berdnyk, Mariia"]
[Result "1-0"]
[WhiteElo "2413"]
[BlackElo "2247"]
[Annotator "NA"]
[PlyCount "67"]
[EventDate "2019.07.19"]
[EventType "swiss"]
[EventCountry "CZE"]
[SourceTitle "playchess.com"]
[Source "ChessBase"]
[SourceQuality "1"]

1. c4 e5 2. Nc3 Nf6 3. Nf3 Nc6 4. g3 g6 5. d4 exd4 6. Nxd4 Nxd4 7. Qxd4 Bg7 8. Bg2 O-O 9. Qd2 d6 10. O-O Be6 11. Bxb7 Rb8 12. Bg2 Bxc4 13. b3 Ba6 14. Bb2 Re8 15. Rfe1 Qd7 16. Rad1 Qf5 17. e4 Qh5 18. Nd5 Nxd5 19. Bxg7 Kxg7 20. exd5 Be2 21. Rc1 Rbc8 22. h3 f6 23. Qa5 c5 24. Qxa7+ Kg8 25. Qb6 Rcd8 26. b4 c4 27. Qd4 Qf5 28. b5 Re5 29. b6 Qd3 30. Qb2 Rb8 31. a4 Kg7 32. a5 Re7 33. Rc3 Qd4 34. Rc2 1-0

[Event "Czech Open GM 2019"]
[Site "Pardubice"]
[Date "2019.07.20"]
[Round "2.29"]
[White "Martin, Julian"]
[Black "Stinka, Jakub"]
[Result "0-1"]
[WhiteElo "2363"]
[BlackElo "2135"]
[Annotator "NA"]
[PlyCount "112"]
[EventDate "2019.07.19"]
[EventType "swiss"]
[EventCountry "CZE"]
[SourceTitle "playchess.com"]
[Source "ChessBase"]
[SourceQuality "1"]

1. e4 e6 2. d4 d5 3. Nc3 Bb4 4. e5 c5 5. a3 Ba5 6. b4 cxd4 7. Qg4 Kf8 8. Nb5 Bb6 9. Nf3 Nc6 10. Bb2 Nge7 11. Bd3 Ng6 12. Qg3 f6 13. Bxg6 hxg6 14. Nbxd4 Nxe5 15. Nxe5 fxe5 16. Nf3 Rh5 17. Qxg6 Qe8 18. Qg3 Rf5 19. O-O Kg8 20. Nxe5 Qe7 21. c4 Bd7 22. Ng6 Qg5 23. cxd5 Bb5 24. dxe6 Bxf1 25. Rxf1 Qxg3 26. hxg3 Re8 27. g4 Rg5 28. Ne5 Rxe6 29. Re1 Rxg4 30. Kf1 Rh4 31. g3 Rh1+ 32. Ke2 Rxe1+ 33. Kxe1 Bc7 34. f4 Bxe5 35. Bxe5 Rh6 36. Bd4 a6 37. a4 Rh2 38. Bf2 Rh1+ 39. Ke2 Rb1 40. Bc5 Rb3 41. Kf2 Kf7 42. Kg2 Ke6 43. Kh3 Kf5 44. a5 Rd3 45. Be7 g6 46. Bg5 Rd7 47. g4+ Ke4 48. Kg3 Rd4 49. Kh4 Kf3 50. Kh3 Rxb4 51. Bh6 Rb5 52. f5 gxf5 53. g5 Rb4 54. g6 Rg4 55. g7 Rg6 56. Kh4 Rxh6+ 0-1

[Event "Czech Open GM 2019"]
[Site "Pardubice"]
[Date "2019.07.20"]
[Round "2.30"]
[White "Medvedyk, Volodymyr"]
[Black "Lalic, Bogdan"]
[Result "0-1"]
[WhiteElo "2197"]
[BlackElo "2411"]
[Annotator "NA"]
[PlyCount "74"]
[EventDate "2019.07.19"]
[EventType "swiss"]
[EventCountry "CZE"]
[SourceTitle "playchess.com"]
[Source "ChessBase"]
[SourceQuality "1"]

1. c4 c5 2. g3 Nc6 3. Bg2 g6 4. Nc3 Bg7 5. Nf3 e6 6. d4 cxd4 7. Nb5 d5 8. cxd5 Qa5+ 9. Nd2 Qxb5 10. dxc6 Ne7 11. Ne4 O-O 12. cxb7 Bxb7 13. O-O Bd5 14. Bf4 Qxb2 15. Qd3 f5 16. Nc5 Bxg2 17. Kxg2 Qb6 18. Rfc1 Qc6+ 19. Kg1 Nd5 20. Qf3 Rac8 21. Qb3 Rfe8 22. Na4 Nc3 23. Nxc3 dxc3 24. Rc2 Re7 25. Rb1 Rd7 26. h4 h6 27. a4 a6 28. a5 Kh7 29. Be3 Rd5 30. Qa2 Rcd8 31. Qa1 Qc4 32. Rbc1 Qe4 33. Kh2 R8d7 34. Qa3 Rd1 35. g4 Qh1+ 36. Kg3 Qg1+ 37. Kh3 fxg4# 0-1

[Event "Czech Open GM 2019"]
[Site "Pardubice"]
[Date "2019.07.20"]
[Round "2.30"]
[White "Soham Datar"]
[Black "Skliarov, Viktor"]
[Result "1/2-1/2"]
[WhiteElo "2129"]
[BlackElo "2360"]
[Annotator "NA"]
[PlyCount "63"]
[EventDate "2019.07.19"]
[EventType "swiss"]
[EventCountry "CZE"]
[SourceTitle "playchess.com"]
[Source "ChessBase"]
[SourceQuality "1"]

1. b3 c5 2. Bb2 Nc6 3. c4 e5 4. g3 Nf6 5. Bg2 d6 6. Nc3 Be7 7. Nf3 Bf5 8. d3 Qd7 9. Nd5 Nxd5 10. cxd5 Nb4 11. e4 Bh3 12. Bxh3 Qxh3 13. a3 Na6 14. Ng1 Qd7 15. Ne2 g5 16. f4 f6 17. Qc2 Nc7 18. h3 O-O-O 19. f5 h5 20. O-O Kb8 21. Kg2 Nb5 22. a4 Nd4 23. Nxd4 cxd4 24. b4 Rc8 25. Qb3 g4 26. h4 Bf8 27. Rfc1 Bh6 28. Rc4 Rxc4 29. dxc4 Rc8 30. Bc1 Bxc1 31. Rxc1 d3 32. Rc3 1/2-1/2

[Event "Czech Open GM 2019"]
[Site "Pardubice"]
[Date "2019.07.20"]
[Round "2.31"]
[White "Siddharth, Jagadeesh"]
[Black "Dushyant, Sharma"]
[Result "0-1"]
[WhiteElo "2410"]
[BlackElo "2168"]
[Annotator "NA"]
[PlyCount "62"]
[EventDate "2019.07.19"]
[EventType "swiss"]
[EventCountry "CZE"]
[SourceTitle "playchess.com"]
[Source "ChessBase"]
[SourceQuality "1"]

1. d4 Nf6 2. c4 e6 3. g3 d5 4. Nf3 Be7 5. Bg2 O-O 6. O-O dxc4 7. Qc2 b6 8. Ne5 Qxd4 9. Bxa8 Qxe5 10. Bf3 Nd5 11. Qxc4 Ba6 12. Qc2 Bf6 13. Na3 c5 14. Nc4 Qc7 15. Ne3 Nc6 16. Qa4 Bb7 17. Nxd5 exd5 18. e3 d4 19. Bg2 a6 20. Qd1 Rd8 21. exd4 Nxd4 22. Qg4 Bc8 23. Qe4 Bf5 24. Bf4 Qxf4 25. gxf4 Bxe4 26. Bxe4 Ne2+ 27. Kh1 Nxf4 28. Rad1 Bd4 29. b3 g6 30. Bb7 Rd7 31. Bc6 Rc7 0-1

[Event "Czech Open GM 2019"]
[Site "Pardubice"]
[Date "2019.07.20"]
[Round "2.31"]
[White "Iliaguev, Nisim"]
[Black "Gloser, David"]
[Result "1/2-1/2"]
[WhiteElo "2357"]
[BlackElo "2123"]
[Annotator "NA"]
[PlyCount "66"]
[EventDate "2019.07.19"]
[EventType "swiss"]
[EventCountry "CZE"]
[SourceTitle "playchess.com"]
[Source "ChessBase"]
[SourceQuality "1"]

1. d4 Nf6 2. c4 e5 3. d5 Bc5 4. e3 d6 5. Nf3 Bg4 6. Be2 Nbd7 7. O-O O-O 8. Nc3 Ne8 9. e4 h6 10. Ne1 Bxe2 11. Qxe2 a5 12. Nd3 Bd4 13. Be3 Bxc3 14. bxc3 Nef6 15. f3 Qe7 16. Kh1 Kh7 17. Qf2 b6 18. Rae1 g6 19. Bd2 Ng8 20. f4 f6 21. Qg3 Rf7 22. Qh3 Raf8 23. f5 g5 24. Qg4 Rd8 25. Rf3 Kg7 26. Nf2 Kf8 27. Qh5 Rh7 28. Ng4 Qe8 29. Qxe8+ Rxe8 30. Nf2 Kg7 31. Nd3 Nc5 32. Bc1 Ne7 33. Ba3 Nc8 1/2-1/2

[Event "Czech Open GM 2019"]
[Site "Pardubice"]
[Date "2019.07.20"]
[Round "2.32"]
[White "Barua, Dibyendu"]
[Black "Zhukenov, Aituar"]
[Result "1/2-1/2"]
[WhiteElo "2393"]
[BlackElo "2164"]
[Annotator "NA"]
[PlyCount "62"]
[EventDate "2019.07.19"]
[EventType "swiss"]
[EventCountry "CZE"]
[SourceTitle "playchess.com"]
[Source "ChessBase"]
[SourceQuality "1"]

1. e4 c5 2. Nf3 d6 3. d4 cxd4 4. Nxd4 Nf6 5. Nc3 Nc6 6. Be2 e5 7. Nf3 h6 8. h3 Be6 9. O-O Be7 10. Re1 O-O 11. Bf1 Nb8 12. a4 Nbd7 13. a5 a6 14. Nd5 Nxd5 15. exd5 Bf5 16. c4 Bg6 17. b4 Bf6 18. Bb2 e4 19. Nd4 Ne5 20. Qb3 Rc8 21. Nc2 Nd3 22. Bxd3 exd3 23. Ne3 Re8 24. Rad1 Bxb2 25. Qxb2 b6 26. axb6 Qxb6 27. Ra1 Rb8 28. Ra4 f5 29. g3 a5 30. b5 f4 31. gxf4 Re4 1/2-1/2

[Event "Czech Open GM 2019"]
[Site "Pardubice"]
[Date "2019.07.20"]
[Round "2.32"]
[White "Elgersma, Simon"]
[Black "Hemant, Sharma"]
[Result "1/2-1/2"]
[WhiteElo "2130"]
[BlackElo "2355"]
[Annotator "NA"]
[PlyCount "83"]
[EventDate "2019.07.19"]
[EventType "swiss"]
[EventCountry "CZE"]
[SourceTitle "playchess.com"]
[Source "ChessBase"]
[SourceQuality "1"]

1. e4 c5 2. Nf3 d6 3. Bb5+ Nd7 4. d4 a6 5. Bxd7+ Bxd7 6. Nc3 Rc8 7. O-O cxd4 8. Qxd4 Nf6 9. Bg5 h6 10. Bxf6 gxf6 11. Nd5 Bg7 12. c3 O-O 13. Rfe1 b5 14. Rad1 a5 15. Nf4 Rc5 16. a3 Qb8 17. b4 axb4 18. cxb4 Rc4 19. Qe3 Qc7 20. Nd5 Qd8 21. Nd4 e6 22. Nf4 f5 23. Nh5 Qg5 24. Qxg5 hxg5 25. Nxg7 Kxg7 26. exf5 e5 27. Ne2 Bxf5 28. Rxd6 Ra8 29. Ng3 Bg6 30. h3 f6 31. Red1 Rxa3 32. Rd7+ Kh6 33. R1d6 Rf4 34. f3 Ra1+ 35. Kh2 Ra2 36. Rb6 Rxf3 37. Rb8 Bf5 38. Rh8+ Kg6 39. Rg8+ Kh6 40. Rh8+ Kg6 41. Rg8+ Kh6 42. Rh8+ 1/2-1/2

[Event "Czech Open GM 2019"]
[Site "Pardubice"]
[Date "2019.07.20"]
[Round "2.33"]
[White "Mosesov, Danylo"]
[Black "Milikow, Elie"]
[Result "1/2-1/2"]
[WhiteElo "2353"]
[BlackElo "2129"]
[Annotator "NA"]
[PlyCount "71"]
[EventDate "2019.07.19"]
[EventType "swiss"]
[EventCountry "CZE"]
[SourceTitle "playchess.com"]
[Source "ChessBase"]
[SourceQuality "1"]

1. e4 c5 2. Nf3 Nc6 3. Bb5 g6 4. O-O Bg7 5. Re1 Nf6 6. e5 Nd5 7. Nc3 Nc7 8. Bxc6 dxc6 9. Ne4 Ne6 10. d3 b6 11. a4 a5 12. Be3 Nd4 13. Nxd4 cxd4 14. Bf4 h6 15. Qd2 c5 16. h4 Be6 17. h5 Qd5 18. hxg6 fxg6 19. c3 O-O-O 20. Rac1 dxc3 21. Rxc3 Bf5 22. Nxc5 bxc5 23. Rec1 Kd7 24. Rxc5 Qb3 25. d4 Ke6 26. Rxa5 g5 27. Be3 Kf7 28. Qe2 Kg6 29. Ra7 Rhe8 30. Rcc7 Rc8 31. Rxe7 Rxe7 32. Rxe7 Qxa4 33. Qf3 Rf8 34. Kh2 Qc2 35. Qb7 Bh8 36. Rc7 1/2-1/2

[Event "Czech Open GM 2019"]
[Site "Pardubice"]
[Date "2019.07.20"]
[Round "2.33"]
[White "Frolov, Aleksey G"]
[Black "De Rover, Yong Hoon"]
[Result "1-0"]
[WhiteElo "2174"]
[BlackElo "2391"]
[Annotator "NA"]
[PlyCount "75"]
[EventDate "2019.07.19"]
[EventType "swiss"]
[EventCountry "CZE"]
[SourceTitle "playchess.com"]
[Source "ChessBase"]
[SourceQuality "1"]

1. e4 d6 2. d4 Nf6 3. Nc3 g6 4. Nf3 Bg7 5. Bg5 c5 6. dxc5 Qa5 7. Qd2 Qxc5 8. Be3 Qc7 9. e5 Ng4 10. Nb5 Qc6 11. Nfd4 Qd7 12. e6 Qd8 13. exf7+ Kxf7 14. O-O-O a6 15. Nc3 d5 16. Nf3 e6 17. Bd4 Bh6 18. Ne5+ Kg8 19. f4 Nxe5 20. Bxe5 Bg7 21. Bxg7 Kxg7 22. f5 gxf5 23. g4 f4 24. g5 Rf8 25. Qd4+ Kg8 26. Ne4 Nc6 27. Qc3 d4 28. Qh3 e5 29. Qh6 Bf5 30. Nf6+ Kh8 31. Nxh7 Bxh7 32. g6 Qe7 33. Rg1 Rf6 34. g7+ Kg8 35. Bc4+ Rf7 36. Rd3 Qd7 37. Bxf7+ Kxf7 38. g8=Q+ 1-0

[Event "Czech Open GM 2019"]
[Site "Pardubice"]
[Date "2019.07.20"]
[Round "2.34"]
[White "Schmidek, Emil"]
[Black "Vakulenko, Oleksandr"]
[Result "0-1"]
[WhiteElo "2391"]
[BlackElo "2138"]
[Annotator "NA"]
[PlyCount "82"]
[EventDate "2019.07.19"]
[EventType "swiss"]
[EventCountry "CZE"]
[SourceTitle "playchess.com"]
[Source "ChessBase"]
[SourceQuality "1"]

1. e4 e5 2. Nf3 Nc6 3. Bb5 a6 4. Ba4 Nf6 5. O-O Be7 6. Re1 b5 7. Bb3 d6 8. c3 O-O 9. d3 Na5 10. Bc2 c5 11. Nbd2 Re8 12. Nf1 Bf8 13. h3 Bb7 14. Bg5 h6 15. Bxf6 Qxf6 16. Ne3 g6 17. Bb3 Bg7 18. Bd5 Qe7 19. Nd2 Bxd5 20. Nxd5 Qb7 21. Qg4 Re6 22. Nf1 Rf8 23. Nfe3 Kh7 24. Qf3 f5 25. exf5 gxf5 26. Nxf5 Rg6 27. c4 bxc4 28. dxc4 Qf7 29. Nde3 Nxc4 30. Nxc4 Qxc4 31. Ne3 Qh4 32. Qe2 Qxh3 33. Qd3 Qh4 34. g3 e4 35. Qxd6 Qh3 36. Qc7 Rxf2 37. Kxf2 Qh2+ 38. Ng2 Rf6+ 39. Ke2 Qxg2+ 40. Kd1 Qxb2 41. Rc1 Qd4+ 0-1

[Event "Czech Open GM 2019"]
[Site "Pardubice"]
[Date "2019.07.20"]
[Round "2.34"]
[White "Rudolf, Michal"]
[Black "Lomakin, Viktor"]
[Result "1-0"]
[WhiteElo "2351"]
[BlackElo "2105"]
[Annotator "NA"]
[PlyCount "75"]
[EventDate "2019.07.19"]
[EventType "swiss"]
[EventCountry "CZE"]
[SourceTitle "playchess.com"]
[Source "ChessBase"]
[SourceQuality "1"]

1. e4 c5 2. Nf3 e6 3. d4 cxd4 4. Nxd4 a6 5. Bd3 Bc5 6. Nb3 Be7 7. f4 d6 8. Qf3 Nc6 9. Be3 Nf6 10. Nc3 Nb4 11. g4 Nd7 12. O-O-O Nxd3+ 13. cxd3 b5 14. Kb1 Bb7 15. g5 b4 16. Ne2 O-O 17. Rhg1 a5 18. Nbd4 Nc5 19. f5 exf5 20. Nxf5 Ne6 21. Ned4 Qd7 22. Qg3 d5 23. Qe5 Bd8 24. Nh6+ Kh8 25. Nxf7+ Rxf7 26. Nxe6 Be7 27. Rgf1 Bf8 28. exd5 Kg8 29. Rxf7 Qxf7 30. Rc1 Ba6 31. Qe4 Re8 32. h4 a4 33. Bd2 a3 34. Bxb4 axb2 35. Kxb2 Rb8 36. a3 Bxb4 37. axb4 Bb5 38. Qf4 1-0

[Event "Czech Open GM 2019"]
[Site "Pardubice"]
[Date "2019.07.20"]
[Round "2.35"]
[White "Yagupov, Igor"]
[Black "Vorisek, Jakub"]
[Result "1-0"]
[WhiteElo "2385"]
[BlackElo "2071"]
[Annotator "NA"]
[PlyCount "55"]
[EventDate "2019.07.19"]
[EventType "swiss"]
[EventCountry "CZE"]
[SourceTitle "playchess.com"]
[Source "ChessBase"]
[SourceQuality "1"]

1. d4 e6 2. c4 b6 3. e4 Bb7 4. Nc3 Bb4 5. f3 Ne7 6. Nge2 O-O 7. a3 Bxc3+ 8. Nxc3 d5 9. Be3 f5 10. Qd2 Nbc6 11. cxd5 exd5 12. e5 Na5 13. Rd1 c5 14. dxc5 Nb3 15. Qc2 Nxc5 16. Bc4 Kh8 17. O-O Qc7 18. Nxd5 Bxd5 19. Bxd5 Qxe5 20. Bxc5 Nxd5 21. Bxf8 Ne3 22. Bd6 Qxd6 23. Rxd6 Nxc2 24. Rfd1 h6 25. Rd8+ Rxd8 26. Rxd8+ Kh7 27. Ra8 a5 28. Rb8 1-0

[Event "Czech Open GM 2019"]
[Site "Pardubice"]
[Date "2019.07.20"]
[Round "2.35"]
[White "Nurkiewicz, Maciej"]
[Black "Boehning, Kilian"]
[Result "1-0"]
[WhiteElo "2334"]
[BlackElo "2115"]
[Annotator "TA"]
[PlyCount "47"]
[EventDate "2019.07.19"]
[EventType "swiss"]
[EventCountry "CZE"]
[SourceTitle "playchess.com"]
[Source "ChessBase"]
[SourceQuality "1"]

1. d4 f5 2. Nf3 Nf6 3. g3 g6 4. Bg2 Bg7 5. O-O O-O 6. b3 d6 7. Bb2 Qe8 8. Nbd2 c6 9. c4 Nbd7 10. e4 f4 11. e5 dxe5 12. dxe5 Ng4 13. Qe2 fxg3 14. fxg3 Nc5 15. b4 Na4 16. Bd4 Be6 17. Ng5 Qd7 18. Ndf3 Nh6 19. Nxe6 Qxe6 20. Ng5 Qg4 21. Rxf8+ Rxf8 22. Qxg4 Nxg4 23. Ne6 Nxe5 24. Nxg7 1-0

[Event "Czech Open GM 2019"]
[Site "Pardubice"]
[Date "2019.07.20"]
[Round "2.36"]
[White "Daniel, Damian"]
[Black "Rozman, Levy"]
[Result "0-1"]
[WhiteElo "2166"]
[BlackElo "2382"]
[Annotator "NA"]
[PlyCount "54"]
[EventDate "2019.07.19"]
[EventType "swiss"]
[EventCountry "CZE"]
[SourceTitle "playchess.com"]
[Source "ChessBase"]
[SourceQuality "1"]

1. d4 Nf6 2. c4 e6 3. Nc3 Bb4 4. Qc2 d5 5. cxd5 exd5 6. Nf3 Ne4 7. a3 Bxc3+ 8. bxc3 Bf5 9. Qb3 Nc6 10. e3 Na5 11. Qb4 b6 12. c4 c5 13. dxc5 bxc5 14. Qa4+ Kf8 15. Bd2 Nxd2 16. Nxd2 Qf6 17. Rc1 Qb2 18. Kd1 Nxc4 19. Bxc4 dxc4 20. Qa5 Bd3 21. Qxc5+ Kg8 22. Qd4 Qb7 23. f3 Qe7 24. Nxc4 Rd8 25. Nd6 Ba6 26. Rc6 Bb7 27. Qxa7 Qd7 0-1

[Event "Czech Open GM 2019"]
[Site "Pardubice"]
[Date "2019.07.20"]
[Round "2.36"]
[White "Ponnio, Toni"]
[Black "Cerveny, Petr"]
[Result "1/2-1/2"]
[WhiteElo "2102"]
[BlackElo "2333"]
[Annotator "NA"]
[PlyCount "54"]
[EventDate "2019.07.19"]
[EventType "swiss"]
[EventCountry "CZE"]
[SourceTitle "playchess.com"]
[Source "ChessBase"]
[SourceQuality "1"]

1. c4 e5 2. g3 d6 3. d4 exd4 4. Qxd4 Nc6 5. Qe3+ Be7 6. Nc3 Nf6 7. Bg2 O-O 8. Nh3 Bxh3 9. Bxh3 d5 10. cxd5 Nxd5 11. Nxd5 Qxd5 12. O-O Bf6 13. Bg2 Qb5 14. Qb3 Qb6 15. Be3 Nd4 16. Bxd4 Bxd4 17. e3 Bf6 18. Bxb7 Rab8 19. Qxb6 cxb6 20. Bd5 Rfd8 21. Rad1 Bxb2 22. Bb3 Kf8 23. Rxd8+ Rxd8 24. Rd1 Rxd1+ 25. Bxd1 Ke7 26. Bb3 f6 27. Kf1 Kd6 1/2-1/2

[Event "Czech Open GM 2019"]
[Site "Pardubice"]
[Date "2019.07.20"]
[Round "2.37"]
[White "Stalmach, Richard"]
[Black "Iliaguev, Daniel"]
[Result "0-1"]
[WhiteElo "2381"]
[BlackElo "2053"]
[Annotator "NA"]
[PlyCount "130"]
[EventDate "2019.07.19"]
[EventType "swiss"]
[EventCountry "CZE"]
[SourceTitle "playchess.com"]
[Source "ChessBase"]
[SourceQuality "1"]

1. d4 Nf6 2. c4 g6 3. f3 Nh5 4. e4 e5 5. Be3 exd4 6. Bxd4 Bg7 7. Bxg7 Nxg7 8. Nc3 Nc6 9. Qd2 O-O 10. O-O-O d6 11. g4 f5 12. gxf5 gxf5 13. Nge2 fxe4 14. fxe4 Bg4 15. Rg1 Ne5 16. h3 Bf3 17. Nd4 Bxd1 18. Ne6 Qf6 19. Nxg7 Kh8 20. Qxd1 Rg8 21. Be2 Rxg7 22. Rf1 Qg5+ 23. Kb1 Rf7 24. Rg1 Qe3 25. Bh5 Rf2 26. Ka1 Raf8 27. Be2 Qxh3 28. Qc1 Qh4 29. a3 Qf4 30. Qb1 Qf7 31. Qd1 Nxc4 32. Nd5 Ne5 33. Bh5 Rf1 34. Bxf7 Rxd1+ 35. Rxd1 Rxf7 36. Kb1 h6 37. Kc2 Kh7 38. Rg1 Rf2+ 39. Kc3 Rf3+ 40. Kc2 c6 41. Ne7 Rf2+ 42. Kc3 Rf3+ 43. Kc2 Rf7 44. Nf5 d5 45. Nd6 Rf2+ 46. Kc3 Nf3 47. Rd1 d4+ 48. Kb3 Re2 49. Nxb7 Rxe4 50. Nc5 Re2 51. Nd3 Rd2 52. Rxd2 Nxd2+ 53. Kb4 Nf3 54. Kc5 Kg6 55. Kxc6 Kf5 56. Kd5 h5 57. b4 h4 58. a4 h3 59. Nf2 h2 60. Kc4 Kf4 61. Nh1 Ke3 62. b5 d3 63. Kc3 d2 64. Kc2 Ke2 65. Ng3+ Ke1 0-1

[Event "Czech Open GM 2019"]
[Site "Pardubice"]
[Date "2019.07.20"]
[Round "2.37"]
[White "Plesek, Jiri"]
[Black "Kulon, Klaudia"]
[Result "0-1"]
[WhiteElo "2104"]
[BlackElo "2331"]
[Annotator "NA"]
[PlyCount "58"]
[EventDate "2019.07.19"]
[EventType "swiss"]
[EventCountry "CZE"]
[SourceTitle "playchess.com"]
[Source "ChessBase"]
[SourceQuality "1"]

1. Nf3 Nf6 2. c4 g6 3. b4 a5 4. b5 Bg7 5. Bb2 a4 6. g3 c6 7. Bg2 O-O 8. O-O d5 9. d3 Nbd7 10. bxc6 bxc6 11. Na3 Re8 12. Rb1 e5 13. cxd5 Nxd5 14. Nc4 Ba6 15. Nfd2 Nc5 16. Ne4 Nb7 17. Qc1 f5 18. Ned2 Rb8 19. Qc2 Bb5 20. Ba3 e4 21. dxe4 Nc3 22. Rbe1 fxe4 23. Bb2 Qd4 24. Bxc3 Qxc3 25. Rc1 Qxc2 26. Rxc2 Rbd8 27. Rfc1 Nc5 28. Nf1 Ne6 29. Na3 Nd4 0-1

[Event "Czech Open GM 2019"]
[Site "Pardubice"]
[Date "2019.07.20"]
[Round "2.38"]
[White "Ter Stal, Rainer"]
[Black "Bronstein, Or"]
[Result "1/2-1/2"]
[WhiteElo "2155"]
[BlackElo "2378"]
[Annotator "TA"]
[PlyCount "97"]
[EventDate "2019.07.19"]
[EventType "swiss"]
[EventCountry "CZE"]
[SourceTitle "playchess.com"]
[Source "ChessBase"]
[SourceQuality "1"]

1. d4 Nf6 2. c4 g6 3. Nc3 Bg7 4. e4 d6 5. f3 O-O 6. Be3 c5 7. Nge2 Nc6 8. Qd2 Qa5 9. d5 Ne5 10. Nc1 a6 11. Be2 e6 12. O-O exd5 13. exd5 Re8 14. h3 Rb8 15. f4 Ned7 16. a4 Qd8 17. Bf2 Ne4 18. Nxe4 Rxe4 19. Bd3 Re8 20. Ne2 Nf6 21. Nc3 Bd7 22. Rae1 Qb6 23. Qc2 Qb4 24. b3 Nh5 25. Rxe8+ Rxe8 26. Ne4 Qb6 27. Bh4 f5 28. Ng3 Bd4+ 29. Kh2 Nxg3 30. Bxg3 Qb4 31. Qd1 Qc3 32. Be1 Qb2 33. Bd2 Be3 34. Ba5 Qd4 35. g3 Bf2 36. Qc2 Re3 37. Rxf2 Rxd3 38. Rd2 Rxd2+ 39. Qxd2 Qxd2+ 40. Bxd2 b5 41. axb5 axb5 42. cxb5 Bxb5 43. b4 Kf7 44. bxc5 dxc5 45. Be3 c4 46. Bd2 Ke7 47. Bb4+ Kd7 48. Kg1 c3 49. Bxc3 1/2-1/2

[Event "Czech Open GM 2019"]
[Site "Pardubice"]
[Date "2019.07.20"]
[Round "2.38"]
[White "Kolar, Stanislav"]
[Black "Turner, Jan"]
[Result "1-0"]
[WhiteElo "2100"]
[BlackElo "2330"]
[Annotator "TA"]
[PlyCount "107"]
[EventDate "2019.07.19"]
[EventType "swiss"]
[EventCountry "CZE"]
[SourceTitle "playchess.com"]
[Source "ChessBase"]
[SourceQuality "1"]

1. Nf3 g6 2. g3 Bg7 3. d4 Nf6 4. Bg2 O-O 5. c4 d6 6. Nc3 c6 7. O-O Qa5 8. Bd2 Qb6 9. b3 Bg4 10. Be3 Nbd7 11. h3 Bxf3 12. exf3 d5 13. Na4 Qd8 14. Rc1 e6 15. Re1 Re8 16. Qd2 Rc8 17. Bg5 Qc7 18. Bf4 Qd8 19. h4 Nh5 20. Be3 Nhf6 21. Bg5 Qc7 22. Bh3 Qd6 23. Bf4 Qa3 24. c5 b5 25. cxb6 axb6 26. Rc2 c5 27. Rec1 c4 28. Nc3 cxb3 29. axb3 Qb4 30. Bf1 Ra8 31. Nb5 Qxd2 32. Bxd2 Reb8 33. Bf4 Rd8 34. Bc7 Rf8 35. Rc6 h5 36. Kg2 Kh7 37. Bxb6 Ra2 38. b4 Nxb6 39. Rxb6 Rb2 40. Nd6 Bh6 41. Rc7 Be3 42. Kh3 Rxf2 43. Bg2 Bxd4 44. Rbb7 Be5 45. Rxf7+ Rxf7 46. Nxf7 Bc3 47. Ng5+ Kg8 48. Nxe6 d4 49. Nf4 Rb2 50. b5 Ba5 51. Bf1 Kf8 52. Bd3 Bd2 53. Ne6+ Kg8 54. Bxg6 1-0

[Event "Czech Open GM 2019"]
[Site "Pardubice"]
[Date "2019.07.20"]
[Round "2.39"]
[White "Jablonicky, Martin"]
[Black "Burian, Simon"]
[Result "0-1"]
[WhiteElo "2378"]
[BlackElo "2049"]
[Annotator "NA"]
[PlyCount "76"]
[EventDate "2019.07.19"]
[EventType "swiss"]
[EventCountry "CZE"]
[SourceTitle "playchess.com"]
[Source "ChessBase"]
[SourceQuality "1"]

1. e4 c5 2. Nf3 e6 3. g3 Nc6 4. Bg2 Qc7 5. O-O Nf6 6. Nc3 a6 7. Re1 d6 8. d4 cxd4 9. Nxd4 Bd7 10. Bg5 Be7 11. Nf5 exf5 12. Nd5 Nxd5 13. exd5 Ne5 14. Bxe7 Kxe7 15. f4 Rhe8 16. fxe5 dxe5 17. Qh5 h6 18. Rad1 Qd6 19. g4 fxg4 20. Rxe5+ Kf8 21. Rf1 f6 22. Rxe8+ Rxe8 23. Qh4 Re2 24. Rf2 Qc5 25. b4 Qxc2 26. Rxe2 Qxe2 27. Qg3 Qd1+ 28. Bf1 Qxd5 29. Qb8+ Ke7 30. Qf4 Qe5 31. Qf2 Bc6 32. Qb6 g3 33. h4 f5 34. a4 f4 35. b5 axb5 36. axb5 Be4 37. Qa7 f3 38. Qa3+ Qd6 0-1